[Event "EU-ch 3rd"]
[Site "Batumi"]
[Date "2002.06.23"]
[Round "11"]
[White "Delchev, Aleksander"]
[Black "Graf, Alexander"]
[Result "1/2-1/2"]
[WhiteElo "2550"]
[BlackElo "2623"]
[Annotator "Kostakiev,D"]
[PlyCount "132"]
[EventDate "2002.06.12"]
[EventType "swiss"]
[EventRounds "13"]
[EventCountry "GEO"]
[SourceTitle "CBM 090"]
[Source "ChessBase"]
[SourceDate "2002.09.20"]
[SourceVersion "1"]
[SourceVersionDate "2002.09.20"]
[SourceQuality "1"]

1. c4 c5 2. Nf3 Nc6 3. d4 cxd4 4. Nxd4 Nf6 5. Nc3 e6 6. a3 Be7 7. e4 O-O 8. Nf3
{'Kortschnoj: 'The only way to continue a fight. 8.Be2 d5 would lead to
simplification and a quick draw.''} b6 {'Kortschnoj: 'Ribli: 'Das ist die
Neuerung von Schwarz. In der 2. Wettkampfpartie spielte der junge ukrainische
GM 8...d6 und verlor nach 117 (!) Zügen. Die Idee des Zuges ist, dass Schwarz
nicht d7-d6 zieht, sondern nach Möglichkeit gleich den für diese Stellung
typischen Ausgleichszug d7-d5 durchsetzen will.'''} (8... d6 9. Be2 b6 10. Bf4
Bb7 11. Qd3 Qb8 12. Rd1 Ne5 {1/2-1/2 Kortschnoj,V-Akesson,R/Antwerp 1995/EXT
97 (51)}) (8... Qc7 $1 {1-0 Kortschnoj,V-Ponomariov,R/Donetsk 2001/CBM 81/
[Kortschnoj] (66) It is stronger than 8...d6 Ribli: 'Das ist die Neuerung von
Schwarz. In der 2. Wettkampfpartie spielte der junge ukrainische GM 8...d6 und
verlor nach 117 (!) Zügen. Die Idee des Zuges ist, dass Schwarz nicht d7-d6
zieht, sondern nach Möglichkeit gleich den für diese Stellung typischen
Ausgleichszug d7-d5 durchsetzen will.'}) 9. Be2 Bb7 10. O-O Qc7 $146 (10... d6
11. Bf4 Rc8 $5 (11... Ne5 $6 {1-0 Chuchelov,V-Krasenkow,M/Ohrid 2001/CBM 84 
(33)}) 12. Rc1 (12. Re1 a6 13. Bf1 Qc7 14. b4 Rfd8 ({If} 14... Ne5 15. Nd2 b5
$2 {then after} 16. Bxe5 dxe5 17. c5 {white has an edge. In one of his games
Robert Fischer in a similar position has applied an interesting plan: Kh8, Rg8
and then g7-g5 with an initiative on the king side...}) 15. Rc1 Ne5 {1-0
Kortschnoj,V-Ponomariov,R/Donetsk 2001/CBM 81/[Kortschnoj] (117)}) 12... a6 13.
Qd3 Ng4 {1/2-1/2 Kortschnoj,V-Stohl,I/Tilburg 1993/CBM 39 (55)}) 11. Bg5 Rad8
12. Qd2 d6 13. b4 Nb8 14. Bd3 Nbd7 15. Rfe1 Rfe8 (15... Ne5 16. Nxe5 dxe5 17.
Qe2 {The presence of Bc1 does not allow to apply the Fischer's idea mentioned
above after 10...d6}) 16. h3 Nf8 17. Rac1 Qb8 18. Bc2 Rc8 19. Ba4 Red8 20. Qe2
Ng6 21. Nd2 Ba6 22. Bb5 Bxb5 23. Nxb5 Qb7 24. Nf3 h6 25. Bd2 a6 26. Nbd4 Nd7
27. b5 Re8 28. Nc6 Bf8 29. Nfd4 Nde5 (29... Nc5) 30. a4 Ra8 (30... Nxc6 31.
Nxc6 Ne7 32. Nxe7+ Bxe7 33. Qg4 $14) 31. a5 Ne7 (31... Be7 32. axb6 Qxb6 33.
Red1 Bf6 34. Be3 $14) 32. Nb4 $6 (32. Nxe5 $5 dxe5 33. Nb3 Ng6 34. Qe3 $16)
32... bxa5 33. Nxa6 N7g6 34. Nb3 $2 (34. Ra1 $14) 34... a4 $2 (34... Rxa6 $1
35. bxa6 Qxb3 36. Bxa5 Ra8 $17) 35. Na5 $16 Qb6 36. Qe3 Qxe3 37. Rxe3 Nf4 $2 (
37... Rec8 38. Ra3 $16) 38. Nc7 $18 Rxa5 39. Bxa5 Rc8 40. b6 Nfd3 41. Rc2 Nc5
42. Bb4 (42. f4 $18) 42... Ned7 $6 (42... Ncd7 $142 $16) 43. Bxc5 $18 Nxc5 44.
Rb2 Rb8 45. Rb5 Rb7 46. Re2 Be7 47. Ra2 Bf6 48. Kf1 g5 49. Rxc5 $6 $14 (49. f3
$5 $16 Kf8 $140 50. Ke2 Ke7 51. Ke3 Kd7 52. g3 Rb8 53. f4 Kc6 54. e5 gxf4+ 55.
gxf4 Be7 56. exd6 Bxd6 57. Rbb2 Rxb6 (57... Rg8 58. Rg2 Rxg2 59. Rxg2 Nd7 60.
Nb5 Bc5+ 61. Kd3 $18) 58. Nb5 Bf8 59. Nd4+ Kc7 60. Rg2 $16) 49... dxc5 50. Na8
Bd8 51. Rxa4 Bxb6 52. Nxb6 Rxb6 53. Ra8+ (53. Ra5 Rc6 54. Ke2 $14) 53... Kg7
$11 54. Rc8 Rb1+ 55. Ke2 Rb2+ 56. Kf3 Rb3+ 57. Kg4 Kg6 58. f3 f5+ 59. exf5+
exf5+ 60. Kg3 f4+ 61. Kh2 Rc3 62. Rc6+ Kh5 63. Rxc5 Kh4 64. Rc8 h5 65. c5 Rc1
66. c6 Rc2 1/2-1/2

[Event "Dortmund SuperGM 23rd"]
[Site "Dortmund"]
[Date "1995.07.16"]
[Round "3"]
[White "Lobron, Eric"]
[Black "Kramnik, Vladimir"]
[Result "0-1"]
[WhiteElo "2595"]
[BlackElo "2730"]
[Annotator "Kramnik,V"]
[PlyCount "73"]
[EventDate "1995.07.14"]
[EventType "tourn"]
[EventRounds "9"]
[EventCountry "GER"]
[EventCategory "17"]
[SourceTitle "CBM 048"]
[Source "ChessBase"]
[SourceDate "1995.10.01"]
[SourceVersion "1"]
[SourceVersionDate "1995.10.01"]
[SourceQuality "1"]

1. c4 {Ftacnik Ribli} c5 2. Nf3 Nc6 3. d4 cxd4 4. Nxd4 Nf6 5. Nc3 e6 6. g3 Qb6
7. Nb3 Ne5 8. e4 Bb4 9. Qe2 d6 10. f4 (10. Bd2 {Ribli} O-O 11. Rc1 a5 12. f4
Nc6 13. Be3 Qc7 14. Nd2 b6 $13 {Timman,J-Gulko,B/Riga Tal/1995/CBM47/}) 10...
Nc6 11. Be3 Bxc3+ 12. bxc3 Qc7 13. Bg2 O-O 14. O-O (14. c5 dxc5 15. Bxc5 Rd8
16. e5 Na5 $1 $10 (16... Na5 {Ribli} 17. Bb4 Nxb3 18. axb3 Nd5 19. Qc4 $10 {
Vaganian,R-Kramnik,V/Riga Tal/1995/CBM47/})) 14... b6 {[%csl Yc3,Yc4,Rg8]
Ftacnik The position bears the structure of the Hedhehog, but the B from e7
was exchanged for the Nc3. White s pawn structure is thus rather weak, but
black s K is far more endangered.} (14... e5 15. f5 (15. f5 {Ftacnik} b6 16. g4
Ne8 17. g5 Ba6 18. Rf3 Na5 $6 19. Nxa5 bxa5 20. Rh3 g6 21. Qf2 Qxc4 22. Qh4 h5
{Moutousis,K-Wojtkiewicz,A/Athens/1992/1-0 (23)})) 15. g4 (15. e5 {Ftacnik}
dxe5 16. fxe5 Nd7 17. Nd4 Bb7 18. Bf4 Na5 19. Bxb7 Nxb7 20. Rad1 Na5 21. Qg4
Kh8 22. Qh5 Nxc4 23. Nf3 Qc5+ 24. Kg2 {Heinig,W-Psakhis,L/Berliner Sommer/1991/
0-1 (36)}) (15. Nd4 {Ftacnik} Bb7 (15... Nxd4 16. cxd4 Ba6 17. e5 Bxc4 18. Rfc1
Bxe2 19. Rxc7 {Cvetkovic,S-Lanka,Z/Trnava-B (07)/1989/0.5 (19)}) (15... e5 16.
Nb5 Qe7 17. Rad1 Bg4 18. Bf3 Bxf3 19. Qxf3 Rfd8 20. f5 Na5 21. Bg5 Nxc4 22.
Bxf6 gxf6 23. Qd3 d5 24. a4 Nb2 {Dienz,O-Remling,C/Wiesbaden op/1992/0-1 (24)})
16. Nb5 Qe7 17. Rad1 Rfd8 18. Qd3 Ne8 19. Rf2 Na5 20. Nxa7 Rxa7 21. Bxb6 Bc6
22. c5 Rdd7 23. Bxa7 dxc5 24. Qb1 {Ostenstad,B-Dvoirys,S/Gausdal Peer Gynt (6)/
1991/0-1 (41)}) (15. c5 {Ftacnik} dxc5 16. g4 Bb7 17. g5 Nd7 18. h4 Ne7 19. c4
Rad8 20. h5 f5 21. gxf6 Nxf6 22. Bc1 Qd7 23. Ba3 Ba6 24. Bh3 {Sunye Neto,J-Van
Riemsdijk,H/Bogota Lat Cup (08)/1992/0-1 (41)}) 15... Bb7 {Ribli Der erste
neue Zug. Schwarz hat eine interessante Idee, er spielt erst nicht gegen den
c4 (wie die Anderen) sondern gegen den e4P.} (15... Ba6 $5 16. g5 Nd7 17. Rf3 {
Ribli} Rfe8 18. Rh3 Ne7 (18... Nf8 $5 $13 {Illescas Cordoba,M-Gelfand,B/Dos
Hermanas/1994/CBM42/INF60,42/}) (18... Nf8 {Ftacnik} 19. Qh5 (19. Rd1 $5 Rad8
20. f5 Ne5 21. Qh5 Qxc4 $13 {Garcia Ilundain,D-Izeta,F/Espana/1993/}) 19...
Bxc4 20. f5 Ne5 21. Bd4 $2 g6 $1 22. Qh6 exf5 23. exf5 gxf5 $1 24. Bxa8 {
Illescas Cordoba,M-Gelfand,B/Dos Hermanas/1994/0.5 (61)}) 19. f5 $40 {Akesson,
R-Hansen,Cu/Reykjavik zt/1995/CBM47/} (19. f5 exf5 20. exf5 Bxc4 21. Qh5 Nf8
22. Nd4 Bd5 23. f6 Bxg2 24. Kxg2 {Akesson,R-Hansen,Cu/Reykjavik zt (01)/1995/
0-1 (77)})) 16. g5 Nd7 17. Rf3 Ne7 (17... f5 18. Rh3 $5 (18. gxf6 Nxf6 19. Rg3
$14)) (17... Rfe8 18. Rh3 Nf8 19. Rf1 $40) 18. Rh3 {Ftacnik Somewhat
artificial but often very efficient way of preparing strong attack.} Rfc8 (
18... Rfe8 {Ribli}) (18... f5 $2 {Ftacnik} 19. Qh5) 19. Qh5 (19. Nd2 f5 $1 20.
gxf6 (20. Qh5 Nf8) 20... Nxf6 $132 21. Bd4 e5) 19... Nf8 20. Nd2 (20. Bd4 $2 e5
) (20. Rf1 Qxc4 21. Bd4 e5 $5 22. fxe5 dxe5 23. Bxe5 Neg6 $13) (20. Nd4 $5 $13)
(20. Rd1 {Ftacnik} Qxc4 21. Rxd6 Qxc3 $17) 20... d5 $1 {[%csl Rc4,Rf4,Rg1]
Ribli Schwarz kehrt sich an die Regel: Gegen einen Angriff am Koenigsfluegel
soll man im Zentrum spielen.  Ftacnik Excellent move, that shows the
vulnerability of opponents set up. Pawns are rather exposed and white king can
also come under fire.} 21. cxd5 (21. f5 exf5 22. exd5 f4 $5 $132) 21... exd5
22. f5 (22. Bd4 dxe4 23. Nxe4 Nf5 $13) (22. e5 d4 $5 (22... Nf5) 23. Bxd4 Bxg2
24. Kxg2 Nf5 $44) (22. exd5 {Ribli} Nxd5 $15 (22... g6 {Ftacnik} 23. Qg4 Bxd5
$17) (22... Nxd5 23. Bxd5 (23. g6 Nf6 24. gxf7+ Kh8 25. Qe5 Bxg2 26. Qxc7 Rxc7
27. Kxg2 Rxc3 $17) 23... Bxd5 24. g6 Qxc3 25. gxh7+ Kh8 26. Rf1 Bxa2 $17))
22... Qxc3 $2 (22... dxe4 $1 23. Rf1 {Droht /\ f6 oder Nxe4,Nf6+.} (23. f6 g6
$1 {/\Nf5}) 23... Nd5 $8 24. Nxe4 (24. f6 $6 Nxe3 25. fxg7 Nxf1 26. Qh6 (26.
gxf8=Q+ Kxf8 27. Qh6+ Ke8 $17) 26... Qc5+ 27. Kh1 Qf5 28. gxf8=Q+ Rxf8 29. Nxf1
Qg6 $19 (29... e3 $5)) (24. Bd4 $2 Nf4) 24... Nxe3 25. Rxe3 $13) 23. Rf1 $2 (
23. Nb3 $1 dxe4 24. Bd4 Qc2 (24... Qb4 {Ribli} 25. Rf1 $44 {Droht /\ f6.}) 25.
Rf1 $1 $16 {->}) 23... d4 (23... Qb2 {Ftacnik} 24. f6 $1 $40) 24. Bf4 (24. f6
Neg6 25. fxg7 Kxg7 (25... dxe3 $2 26. gxf8=Q+ Kxf8 27. Rxf7+ $1 Kxf7 28. Qxh7+
$18 Kf8 (28... Qg7 29. Rf3+) 29. Rf3+) 26. Bf4 d3 $13) 24... d3 $15 25. Qh4 {
Mit der Idee /\ g6 und den Ne7 haengt.} (25. Kh1 $5 Qd4 26. Be3 Qd7 27. f6 Neg6
28. fxg7 Kxg7) (25. Nf3 $6 Bxe4 26. Ne5 Qd4+ 27. Re3 g6 $17) (25. Be3 $5 {
Ribli Droht /\ f6 wieder.}) (25. f6 {Ftacnik} Neg6 26. fxg7 Qxg7 $17) 25... Re8
(25... Qd4+ $5 26. Be3 Qd7) 26. Qg3 Rad8 27. Rf2 $6 $138 (27. Kh1 $15 Qc6 $5 {
/\} 28. Be5 Nxf5 $5 29. Rxf5 Qc1+ 30. Nf1 (30. Rf1 Qxd2) 30... d2) (27. f6 {
Ftacnik} Neg6 28. fxg7 Ne6 $17) 27... Qa1+ 28. Rf1 (28. Bf1 Nc6 $5 {/\Nd4}) (
28. Nf1 {Ftacnik} Nc6 $17) 28... Qb2 (28... Qxa2) 29. Rf2 Qxa2 $17 {Ribli
Schwarz hat schon zwei P mehr und der weisse Angriff sieht nicht besonders
gefaehrlich aus.} 30. Be5 (30. f6 {Ftacnik} Neg6 $17) 30... Nxf5 $5 {[%cal
Ye8e1,Yb7g2] Ribli Mit diesem ueberraschenden Zug uebernimmt der Nachziehende
die Initiative. In Frage kommt 30...Qa5 -/+ auch.  Ftacnik Ingenious tactics,
that reduces the number of attackers and opens diagonals and files for black
pieces.} (30... Nc6 {Ftacnik} 31. Bd6) (30... Qa5 {Ftacnik} 31. Bxg7 Kxg7 32.
Qh4 (32. f6+ Kh8 33. fxe7 Rxe7 $17) 32... Ng8 $17) 31. exf5 (31. Rxf5 {Ribli}
Qxd2 $19) 31... Bxg2 32. Kxg2 $2 (32. g6 fxg6 33. fxg6 Nxg6) (32. Rxg2 $8 Qd5
$17 (32... Rd5 $5) (32... Qa5 {Ftacnik} 33. Bf4 Qxf5 $19) 33. Bc7 (33. Nf3 Rxe5
$1) (33. Bf4 {Ribli} Qxf5 $17 {Schwarz hat 4-Bauern fuer die geopferte Figur,
er steht sehr nahe zum Gewinn.}) 33... Rc8) 32... Qd5+ 33. Nf3 Rxe5 $1 $19 {
Ein eleganter Abschluss der Partie.} 34. Qxe5 Qxe5 35. Nxe5 d2 36. Rxd2 (36.
Rf1 {Ftacnik} d1=Q 37. Rxd1 Rxd1 38. Ra3 a5 39. Rb3 Rd5 40. Nc6 Rd2+ 41. Kg3
Nd7 $19) 36... Rxd2+ 37. Kf3 {Ribli Kramnik hat sehr gut die Ungenauigkeit
seines Gegners ausgenutzt und spielte grosszuegig.} (37. Kf3 {Ftacnik} g6 38.
f6 Ne6 $19) 0-1

[Event "FRA-chT"]
[Site "France"]
[Date "1991.??.??"]
[Round "?"]
[White "Lautier, Joel"]
[Black "Pinter, Jozsef"]
[Result "1-0"]
[WhiteElo "2550"]
[BlackElo "2565"]
[Annotator "Lautier,J"]
[PlyCount "65"]
[EventDate "1991.??.??"]
[EventType "team"]
[EventRounds "12"]
[EventCountry "FRA"]
[SourceTitle "CBM 025"]
[Source "ChessBase"]
[SourceDate "1991.12.01"]
[SourceVersion "1"]
[SourceVersionDate "1991.12.01"]
[SourceQuality "1"]

1. c4 c5 2. Nf3 Nf6 3. Nc3 Nc6 4. d4 cxd4 5. Nxd4 e6 6. Bg5 Be7 7. e3 O-O 8.
Be2 d6 (8... d5) 9. O-O a6 10. Rc1 Bd7 $6 (10... Qc7 $2 11. Bxf6 Bxf6 12. Nd5
$16) (10... Nxd4 $2 11. Qxd4 Qc7 (11... b6 12. Rfd1 $16 {with the idea Bf6 and
Ne4}) 12. Rfd1 Rd8 13. Na4 Rb8 14. Qb6 $16 (14. Nb6 $4 e5 $19)) (10... Ne5 $1
11. Qd2 Qc7 (11... b6 $2 12. f4 Ng6 13. Nc6 Qc7 14. Nxe7+ Qxe7 15. Bxf6 gxf6
16. Rcd1 $16) 12. b3 b6 $10) 11. Nb3 $1 {with the threat of 12.Bf6.} b6 $6 (
11... Qc7 $2 12. Qd2 Rfd8 13. Bxf6 Bxf6 14. Nd5 exd5 15. cxd5 $16) (11... Ne8
$2 12. Bf4 $16) (11... Qb8 12. Qd2 (12. c5 dxc5 13. Bxf6 Bxf6 (13... gxf6 $6
14. Na4 $16) 14. Nxc5 (14. Qxd7 $4 Rd8 $19) 14... Be8 $14) 12... Rd8 13. Rfd1
Be8 $14) 12. Bxf6 gxf6 13. Qd2 Ra7 14. f4 $1 $16 (14. Ne4 Bc8 15. Rfd1 Rd7 $14)
14... Kh8 (14... f5 15. Rcd1 Be8 (15... Bc8 16. Bf3 $16) 16. e4 fxe4 17. f5 $1
Bg5 18. Qe1 exf5 19. Rxf5 Bd7 20. Rfd5 $16) 15. Ne4 Be8 16. Rcd1 Rd7 17. Qc3 $1
(17. f5 $6 d5 {with counterplay}) 17... Rg8 18. f5 $18 e5 (18... Ne5 19. Nd4
$18) 19. Bf3 Na7 20. Qd3 $1 {with the plan Ne4-c3-d5 followed by Nb3-d2-e4 +-}
b5 21. Nc3 Qb8 22. Nd5 Nc8 23. cxb5 axb5 (23... Qxb5 24. Qxb5 axb5 25. Rc1 $18)
24. Nd2 Nb6 25. Nxe7 $1 Rxe7 26. Ne4 Nc4 (26... d5 27. Nxf6 e4 28. Qd4 exf3 29.
Nd7+ $18) 27. Nxf6 Nxb2 28. Qxd6 Qxd6 29. Rxd6 Rf8 30. Be2 $1 Nc4 31. Bxc4 bxc4
32. Rc1 Bb5 33. Rb6 1-0

[Event "Moscow Aeroflot op-A 9th"]
[Site "Moscow"]
[Date "2010.02.11"]
[Round "3"]
[White "Le, Quang Liem"]
[Black "Bu, Xiangzhi"]
[Result "1-0"]
[WhiteElo "2647"]
[BlackElo "2673"]
[Annotator "Le Quang Liem"]
[PlyCount "61"]
[EventDate "2010.02.09"]
[EventType "swiss"]
[EventRounds "9"]
[EventCountry "RUS"]
[SourceTitle "CBM 135"]
[Source "ChessBase"]
[SourceDate "2010.03.17"]
[SourceVersion "1"]
[SourceVersionDate "2010.03.17"]
[SourceQuality "1"]

1. d4 Nf6 2. c4 c5 3. Nf3 cxd4 4. Nxd4 Nc6 5. Nc3 e6 6. a3 Be7 7. e4 O-O 8. Nf3
b6 {Black delays moving his d-pawn, in order to push d5 at once, attacking
White's centre.} ({More natural is} 8... d6 {,and a typical pawn structure
occurs, in which both sides will try to improve their positions slowly.}) 9.
Be2 Bb7 10. O-O Rc8 11. Bf4 Na5 12. Nd2 d5 $6 {This dynamic try is logical,
but a little bit dubious. Black will have to defend with an isolated pawn,
while White's pieces are more active than their black counterparts.} 13. cxd5
exd5 14. e5 Ne4 {My opponent decided to play energetically, instead of sitting
and waiting passively. But probably he missed my 20th move.} (14... Nd7 15. Nb5
a6 16. Nd4 {gives White a pleasant position.}) 15. Ncxe4 dxe4 16. b4 Bg5 {
Obviously this was his idea when he played 14...Ne4. Black sacrifices a piece
to get the initiative and some prospects on the kingside. White must play very
accurately to maintain his advantage.} (16... Nc6 17. Bg4 Ra8 18. Bf5 $14) 17.
Bxg5 Qxg5 18. h4 $1 (18. bxa5 $2 Rcd8 (18... Rfd8 19. Bg4 Rc3 20. a6 $1 {
with huge complications}) 19. Ra2 e3 20. Bg4 exd2 21. f4 Qg6 $13) 18... Qxh4 (
18... Qh6 19. bxa5 Rcd8 (19... Rfd8 20. a6) 20. Ra2 e3 21. fxe3 Bd5 22. Rb2
Qxe3+ 23. Rf2 Qxa3 24. Rb1 Qxa5 25. Ra1 Qb4 26. Rxa7 {and White should be able
to win with his material advantage.}) 19. bxa5 Rc6 {Afterwards, I checked my
database and found that this position had already occurred before! Here my
move Nxe4 is clearly stronger than Bruzon's.} 20. Nxe4 ({In the game Bruzon,L
- Miton,K they played} 20. Qb3 Rh6 21. f3 Qh2+ 22. Kf2 Qh4+ 23. Kg1 Qh2+ 24.
Kf2 {draw.}) 20... Rh6 (20... Qxe4 21. Bf3 Qxe5 22. Bxc6 Bxc6 23. axb6 $16) 21.
f3 Bxe4 22. fxe4 {White's king is a bit exposed, but concrete calculation
shows that there is no danger for him. White is simply a piece up, and just
needs to play some accurate moves. White only has a few pawns left, but it is
enough.} Rd8 $2 {This move just worsens Black's position. Now the f7-pawn is
weak.} (22... Qxe4 $142 23. Qd3 Qxe5 24. Rad1 Re8 25. Bg4 $16) 23. Qb3 Qh2+ 24.
Kf2 Qxe5 25. Rad1 Re8 26. axb6 Qxe4 $2 {The final blunder, but his position
was lost anyway.} 27. Kg1 {Now White's king is absolutely safe, and Black has
to worry about his own king. The rest of the game is simple and does not need
any further analysis.} Qe7 28. Rxf7 Qc5+ 29. Rf2+ Kh8 30. Qb5 Qe3 31. Rd3 1-0

[Event "EU-ch 12th"]
[Site "Aix les Bains"]
[Date "2011.03.28"]
[Round "7"]
[White "Matlakov, Maxim"]
[Black "Smirnov, Artem"]
[Result "1/2-1/2"]
[WhiteElo "2625"]
[BlackElo "2425"]
[Annotator "Marchand,A/Primel,D"]
[PlyCount "116"]
[EventDate "2011.03.22"]
[EventType "swiss"]
[EventRounds "11"]
[EventCountry "FRA"]
[SourceTitle "CBM 142 Extra"]
[Source "ChessBase"]
[SourceDate "2011.06.27"]
[SourceVersion "1"]
[SourceVersionDate "2011.06.27"]
[SourceQuality "1"]
[TimeControl "40/5400+30:1800+30"]

1. d4 Nf6 2. c4 c5 3. Nf3 cxd4 4. Nxd4 e6 5. Nc3 Nc6 6. a3 {Une idée originale
de KORTCHNOI mais comme dans les alternatives g3 et Ndb5, les Noirs peuvent
égaliser en jouant précisément.} (6. g3 Qb6 7. Ndb5 (7. Nb3 Ne5 (7... Bb4 8.
Bg2 Qa6 9. c5 b6 10. O-O bxc5 11. Be3 d5 {Eingorn,V (2475)-Georgiev,K (2430)
Lvov 1984 (6) 1-0} (11... c4 12. Nc5 Qa5 {Mikhalchishin})) 8. e4 (8. Bg2 Nxc4
9. O-O d5 10. e4 {[%csl Re8]} dxe4 11. Qe2 {[%cal Ge2e4,Ge2c4]} Qa6 $6 {
Miladinovic,I (2556)-Kovacevic,A (2598) MNT CupT Tivat 2011 (3) 1-0} (11... Nd6
12. Be3 Qa6 13. Qxa6 bxa6 14. Rfd1 $44 {[%csl Re8]} (14. Nc5))) 8... Bb4 9. Qe2
O-O 10. f4 Nc6 11. e5 Ne8 12. Bd2 f6 13. c5 Qd8 14. a3 Bxc3 15. Bxc3 fxe5 16.
Bxe5 b6 17. Bg2) (7. Nc2 d5 $1) 7... Ne5 (7... Bc5 8. Bg2 Bxf2+ 9. Kf1 Ng4 10.
Qd6 Kd8 11. Bg5+ {Greenfeld,A (2530)-Yemelin,V (2485) Beersheba-St Petersburg
1998 (6) 1/2} (11. Qf4 $1 Nce5 12. Nd1 $40 {[%csl Re5,Rf2,Rg4][%cal Gh2h3]}))
8. Bg2 a6 9. Qa4 Rb8 10. Be3 Bc5 11. Bxc5 Qxc5 12. Qa3 b6 13. Nd6+ Ke7 14. Qxc5
bxc5 15. Nxc8+ Rhxc8 16. b3 g5 $11 {[%csl Gf4]}) (6. Ndb5 d5 7. Bf4 e5 8. cxd5
exf4 9. dxc6 bxc6 10. Qxd8+ Kxd8 11. Rd1+ (11. Nd4 Bd7 (11... Kc7 $6 12. g3 Rb8
(12... Bc5 13. Rc1 $1 $36 {[%cal Gc1c7,Gc3b5];Kortschnoj,V (2600)-Portisch,L 
(2620) Candidates qf1 1983 (3) 1-0})) 12. g3 fxg3 (12... Rb8 13. O-O-O) 13.
hxg3 Bb4 14. Bg2 Bxc3+ 15. bxc3 Kc7 16. O-O Rab8 17. Nb3 Rhe8 {Timman,
J-Gligoric,S EU-Cup Volmac-Partizan 1984 0-1} (17... h5 $142)) 11... Bd7 12.
Nd6 Bxd6 13. Rxd6 Rb8 $132) (6. Bf4 d5) 6... Bc5 (6... Be7) 7. e3 {Il est
difficile pour les Blancs de garder un avantage d'ouverture avec ce coup aussi
peu ambitieux} (7. Nb3 $142 Be7 8. e4 O-O 9. Be2 b6 10. O-O Bb7 11. Be3 d6 12.
f4 Rc8 13. Bf3 Qc7 14. Rc1 {[%cal Gc1c7,Gc3d5]} Qb8 15. Qe2 (15. g4)) 7... d5
8. cxd5 exd5 9. Be2 O-O 10. O-O Re8 ({RR} 10... Bd6 11. b4 Ne5 12. Bb2 a6 13.
Qb3 Bc7 14. Rfd1 Qd6 15. g3 Be6 16. Rac1 Qe7 17. b5 Bd6 18. Bf1 Bg4 19. Be2 Be6
20. Bf1 Rfd8 21. Bg2 Nc4 22. Nxd5 Bxd5 23. Nf5 Qd7 24. Bxf6 Bxg2 25. Qxc4 {
Kramnik,V (2730)-Lautier,J (2645)/Paris 1995/CBM 049 ext/1/2-1/2 (34)}) 11. Nf3
Bf5 $146 ({RR} 11... a6 12. b4 d4 13. exd4 Bxd4 14. Bb2 Bg4 15. Nxd4 Qxd4 16.
Bxg4 Nxg4 17. Nd5 Qxb2 18. Qxg4 Ne5 19. Qg3 Re6 20. Rad1 Rf8 21. Rfe1 Rfe8 22.
f4 Ng6 23. Rxe6 fxe6 24. Qc3 Qe2 25. Re1 Qg4 26. Qg3 {Olsen,H (2360)-Nielsen,U
(2375)/Copenhagen 1995/EXT 1998/0-1 (69)}) 12. Nb5 Ne4 13. b4 {[%cal Gc1b2]}
Qf6 $1 $11 (13... Bb6 $143 14. Bb2 $14 {[%csl Gd4]}) 14. Rb1 Bb6 15. Bb2 Qh6
16. Nbd4 Bg4 17. Nxc6 bxc6 18. Nd4 Bc7 19. f4 Bd7 20. Rc1 Bb6 21. Bg4 f5 $15 {
[%csl Re3,Ge4]} 22. Bf3 a5 23. Bxe4 Rxe4 (23... fxe4 $5) 24. Rf3 axb4 25. axb4
Rae8 26. Qb3 Qd6 27. Rg3 {[%cal Gg3g7,Gb2g7,Gd4f5]} R8e7 (27... g6 28. h4 {
[%cal Gh4h5]}) 28. Rd1 h6 29. Qc3 Qf6 30. Nxc6 Qxc3 31. Nxe7+ Rxe7 32. Bxc3
Bxe3+ 33. Kh1 d4 34. Bxd4 Bxd4 35. Rgd3 Ba4 36. Rxd4 Bxd1 37. Rxd1 Kf7 38. Rb1
Rb7 39. g3 Ke6 40. Kg2 Kd5 41. Kh3 g5 42. b5 Rb6 43. g4 $1 gxf4 44. gxf5 Ke4
45. Kg4 h5+ {Le plateau DGT n'a pas sauvegardé le reste de la partie.} 46. Kg5
f3 47. Rc1 Kd3 48. Kxh5 f2 49. Rh1 Rxb5 50. Kg6 Rb8 51. Rf1 Rg8+ 52. Kf7 Rg2
53. h4 Ke2 54. Rxf2+ Rxf2 55. f6 Rh2 56. Ke7 Rxh4 57. f7 Rh7 58. Ke8 Rxf7
1/2-1/2